[Event "Extra League 2006/07"]
[Site "masterchessopen.com Czech Republic"]
[Date "2006.12.02"]
[Round "3"]
[White "Malinovsky Karel (CZE)"]
[Black "Walek Milan (CZE)"]
[Result "0-1"]
[WhiteElo "2362"]
[BlackElo "2351"]

1.e4 c5 2.Nf3 d6 3.d4 cxd4 4.Nxd4 Nf6 5.Nc3 Nc6 6.Bg5 e6 7.Qd2 a6 8.O-O-O Bd7
9.Nb3 b5 10.Bd3 Be7 11.f4 b4 12.Ne2 O-O 13.Kb1 a5 14.Nbd4 e5 15.Nf5 Bxf5
16.exf5 Qb6 17.Ng3 exf4 18.Bxf4 a4 19.Ne4 d5 20.Nxf6+ Bxf6 21.Qe3 Bd4 22.Qh3
b3 23.cxb3 axb3 24.a3 Ne5 25.Rhe1 Rfe8 26.Be3 Nxd3 27.Rxd3 Bf6 28.Qg3 Qb5
29.Red1 Qc4 {#R} 0-1

[Event "It \"]
[Site "masterchessopen.com Paris (France)"]
[Date "2006.12.15"]
[Round "3"]
[White "Tissir Mohamed (MAR)"]
[Black "Parmentier Xavier (FRA)"]
[Result "1-0"]
[WhiteElo "2490"]
[BlackElo "2284"]

1.e4 c5 2.Nf3 d6 3.d4 cxd4 4.Nxd4 Nf6 5.Nc3 Nc6 6.Bg5 e6 7.Qd2 a6 8.O-O-O Bd7
9.f4 h6 10.Bxf6 Qxf6 11.Nf3 O-O-O 12.Kb1 g5 13.g3 Rg8 14.Ne1 gxf4 15.gxf4 h5
16.Nd3 Bh6 17.Qf2 Rg7 18.e5 Qe7 19.Ne4 dxe5 20.fxe5 Kb8 21.Be2 Bc8 22.Bxh5
Rdg8 23.h4 Qc7 24.Nd6 Nxe5 25.Nxe5 Rg2 26.Qd4 Qxc2+ 27.Ka1 Rd8 28.Bf3 Rf2
29.Nc6+ {#r} 1-0

[Event "It (open)"]
[Site "masterchessopen.com New Delhi (India)"]
[Date "2007.01.17"]
[Round "5"]
[White "Neelotpal Das (IND)"]
[Black "Kiran Monisha Mohanty (IND)"]
[Result "1-0"]
[WhiteElo "2489"]
[BlackElo "2263"]

1.e4 c5 2.Nf3 Nc6 3.Nc3 d6 4.d4 cxd4 5.Nxd4 Nf6 6.Bg5 e6 7.Qd2 a6 8.O-O-O Bd7
9.f4 b5 10.Bxf6 gxf6 11.Nxc6 Bxc6 12.Qe3 h5 13.Kb1 Qc7 14.Nd5 Bxd5 15.exd5 e5
16.Qe4 Qd7 17.fxe5 fxe5 18.Bd3 Rg8 19.Rhf1 Rg4 20.Qe2 Qe7 21.Bf5 Rg5 22.h4
Rxf5 23.Rxf5 Qxh4 24.Rxh5 Qg3 25.Rh3 Qg6 26.Rc3 Bg7 27.Rf1 f5 28.Rcf3 Qg5
29.Qe3 Qxg2 30.Rg1 {#r} 1-0

[Event "Ch Armenia"]
[Site "masterchessopen.com Yerevan (Armenia)"]
[Date "2007.01.25"]
[Round "10"]
[White "Karatorossian David (ARM)"]
[Black "Kotanjian Tigran (ARM)"]
[Result "0-1"]
[WhiteElo "2341"]
[BlackElo "2534"]

1.e4 c5 2.Nf3 Nc6 3.d4 cxd4 4.Nxd4 Nf6 5.Nc3 d6 6.Bg5 e6 7.Qd2 a6 8.O-O-O Bd7
9.f4 b5 10.e5 dxe5 11.Nxc6 Bxc6 12.Qe1 Qa5 13.Nd5 Qxe1 14.Nc7+ Ke7 15.Rxe1 Ra7
16.Nxb5 axb5 17.fxe5 Rxa2 18.Bd3 h6 19.Bh4 Ra4 20.c4 bxc4 21.Bc2 Ra1+ 22.Kd2
Rxe1 23.Kxe1 g5 24.exf6+ Kxf6 25.Rf1+ Kg7 26.Bf2 Bb4+ 27.Ke2 Rd8 {#R} 0-1

[Event "Ch Finland (team) 2006/07"]
[Site "masterchessopen.com Finland"]
[Date "2007.02.10"]
[Round "7"]
[White "Nouro Mikael (FIN)"]
[Black "Veingold Aleksandr (EST)"]
[Result "0-1"]
[WhiteElo "2348"]
[BlackElo "2458"]

1.e4 c5 2.Nf3 d6 3.d4 cxd4 4.Nxd4 Nf6 5.Nc3 Nc6 6.Bg5 e6 7.Qd2 a6 8.O-O-O Bd7
9.f4 b5 10.Bxf6 gxf6 11.Kb1 b4 12.Nce2 Qb6 13.g3 Rc8 14.Bg2 Na5 15.b3 Nb7
16.e5 fxe5 17.fxe5 Rc5 18.exd6 Nxd6 19.Rhe1 Qa5 20.Nf4 Bg7 21.a4 O-O 22.Bc6
Bxc6 23.Ndxe6 Ne4 24.Rxe4 Bxe4 25.Nxg7 Rxc2 {#R} 0-1

[Event "It (open) (masters)"]
[Site "masterchessopen.com Bunratty (Ireland)"]
[Date "2007.02.23"]
[Round "1"]
[White "Tidman Sophie E (ENG)"]
[Black "Fedorowicz John P (USA)"]
[Result "0-1"]
[WhiteElo "2092"]
[BlackElo "2470"]

1.e4 c5 2.Nf3 d6 3.d4 cxd4 4.Nxd4 Nf6 5.Nc3 Nc6 6.Bg5 e6 7.Qd2 a6 8.O-O-O Bd7
9.f3 Be7 10.g4 h5 11.gxh5 Nxh5 12.Bxe7 Qxe7 13.Nde2 O-O-O 14.f4 Kc7 15.Bg2 Bc8
16.f5 Ne5 17.Qd4 Qg5+ 18.Kb1 Qxg2 19.Rhg1 Qh3 20.Na4 Qh4 21.Nec3 Qe7 22.Qa7
Nc6 23.Qb6+ Kb8 24.b3 Qc7 25.Qe3 Ne5 26.Rd4 g6 27.Rgd1 gxf5 28.exf5 Ng7 {#R}
0-1

[Event "Ch Russia (qual)"]
[Site "masterchessopen.com Rostov on Don (Russia)"]
[Round "8"]
[White "Petrushin Alexander I (RUS)"]
[Black "Aslakhanov Tamerlan (RUS)"]
[Result "1-0"]
[WhiteElo "2429"]
[BlackElo "2167"]

1.e4 c5 2.Nf3 Nc6 3.d4 cxd4 4.Nxd4 Nf6 5.Nc3 d6 6.Bg5 e6 7.Qd2 a6 8.O-O-O Bd7
9.f4 b5 10.Bxf6 gxf6 11.f5 h5 12.Kb1 Bh6 13.Qf2 Nxd4 14.Rxd4 Bc6 15.fxe6 fxe6
16.Be2 Bf4 17.Bxh5+ Ke7 18.Qxf4 e5 19.Qg4 Qg8 20.Rd3 b4 21.Nd5+ Bxd5 22.Rxd5
Rc8 23.Rhd1 {#r} 1-0

[Event "It (open)"]
[Site "masterchessopen.com Bad Woerishofen (Germany)"]
[Date "2007.03.16"]
[Round "9"]
[White "Gypser Andreas Dr (GER)"]
[Black "Bischoff Dieter (GER)"]
[Result "1-0"]
[WhiteElo "2236"]
[BlackElo "2155"]

1.e4 c5 2.Nf3 d6 3.d4 cxd4 4.Nxd4 Nf6 5.Nc3 Nc6 6.Bg5 e6 7.Qd2 a6 8.O-O-O Bd7
9.f3 b5 10.Nxc6 Bxc6 11.Ne2 h6 12.Be3 Be7 13.Nd4 Bb7 14.g4 Nd7 15.Bd3 Rc8
16.Kb1 Ne5 17.Qg2 Nc4 18.Bxc4 Rxc4 19.Nb3 Qc7 20.Bd4 e5 21.Be3 a5 22.Qd2 b4
23.Qd3 Ba6 24.Qd5 a4 25.Na5 b3 26.cxb3 axb3 27.axb3 Rb4 28.Rc1 Qb8 29.Qc6+
{#r} 1-0

[Event "Bayern Landesliga South 2006/07"]
[Site "masterchessopen.com Bayern (Germany)"]
[Date "2007.03.18"]
[Round "7"]
[White "Blaskowski Johannes (GER)"]
[Black "Epding Olaf (GER)"]
[Result "1-0"]
[WhiteElo "2328"]
[BlackElo "2264"]

1.e4 c5 2.Nf3 Nc6 3.d4 cxd4 4.Nxd4 Nf6 5.Nc3 d6 6.Bg5 e6 7.Qd2 a6 8.O-O-O Bd7
9.f3 Rc8 10.Kb1 Qc7 11.h4 h5 12.Nxc6 Bxc6 13.Bd3 Be7 14.Qe1 b5 15.Ne2 d5 16.e5
Nd7 17.Bxe7 Kxe7 18.f4 g6 19.Qg3 Kf8 20.Nd4 Nc5 21.Qe3 Bd7 22.Be2 Qd8 23.g4
hxg4 24.Bxg4 Rxh4 25.Qg3 Rxh1 26.Rxh1 Kg7 27.f5 exf5 28.Bxf5 Be6 29.Qf4 {#r}
1-0

[Event "Ch Poland (juniors) (under 18) (g)"]
[Site "masterchessopen.com Leba (Poland)"]
[Date "2007.03.25"]
[Round "2"]
[White "Gosciniak Maria (POL)"]
[Black "Raszkiewicz Agnieszka (POL)"]
[Result "1-0"]
[WhiteElo "2026"]
[BlackElo "1856"]

1.e4 c5 2.Nf3 Nc6 3.d4 cxd4 4.Nxd4 Nf6 5.Nc3 d6 6.Bg5 e6 7.Qd2 a6 8.O-O-O Bd7
9.f3 Rc8 10.g4 Be7 11.Be3 Ne5 12.h4 b5 13.Bd3 Nc4 14.Bxc4 Rxc4 15.Nce2 a5
16.Ng3 h5 17.g5 Ng8 18.f4 a4 19.Rhf1 Qc8 20.Kb1 Qb7 21.e5 d5 22.f5 Bc5 23.g6
fxg6 24.fxe6 Bc8 25.Nxb5 Bb4 26.Qxb4 Rxb4 27.Nd6+ Ke7 28.Nxb7 Rxb7 29.Rxd5
Kxe6 30.Rd6+ Kxe5 31.Bf4# 1-0

[Event "It (open)"]
[Site "masterchessopen.com Foxwoods (USA)"]
[Date "2007.04.05"]
[Round "2"]
[White "Pruess David (USA)"]
[Black "Dougherty Michael (CAN)"]
[Result "1-0"]
[WhiteElo "2417"]
[BlackElo "2192"]

1.e4 c5 2.Nf3 Nc6 3.d4 cxd4 4.Nxd4 Nf6 5.Nc3 d6 6.Bg5 e6 7.Qd2 a6 8.O-O-O Bd7
9.f3 b5 10.Nxc6 Bxc6 11.Ne2 Rc8 12.Nd4 Bb7 13.g4 Be7 14.h4 h5 15.gxh5 Nxh5
16.Bd3 Rc5 17.f4 Ng3 18.Rhe1 e5 19.Nb3 Rc8 20.fxe5 Rxh4 21.Bxh4 Bxh4 22.Qh2
Qg5+ 23.Kb1 dxe5 24.Rg1 Qf4 25.Rd2 Nxe4 26.Qxf4 exf4 27.Re2 f5 28.Rxg7 Bd5
29.Rh7 Be7 30.Rh8+ Bf8 31.Nd4 {#r} 1-0

[Event "Ch Catalunia"]
[Site "masterchessopen.com Barcelona (Spain)"]
[Date "2007.04.07"]
[Round "7"]
[White "Molano Lafuente Ismael (ESP)"]
[Black "Ferrer Serrabssa Jordi (ESP)"]
[Result "1-0"]
[WhiteElo "2071"]
[BlackElo "2026"]

1.e4 c5 2.Nf3 Nc6 3.d4 cxd4 4.Nxd4 Nf6 5.Nc3 d6 6.Bg5 e6 7.Qd2 a6 8.O-O-O Bd7
9.f4 b5 10.Bxf6 gxf6 11.Kb1 Qb6 12.Nxc6 Bxc6 13.Qe1 Be7 14.f5 b4 15.Ne2 e5
16.Ng3 a5 17.Bc4 Rc8 18.Qe2 Qc5 19.b3 O-O 20.Rd3 Bb5 21.Qg4+ Kh8 22.Rd5 Qf2
23.Rxb5 Qxg2 24.Qe2 {#r} 1-0

[Event "It \"]
[Site "masterchessopen.com Frydek-Mistek (Czech Republic)"]
[Date "2007.04.07"]
[Round "5"]
[White "Toma Katarzyna (POL)"]
[Black "Kociscak Jiri (CZE)"]
[Result "1-0"]
[WhiteElo "2283"]
[BlackElo "2223"]

1.e4 c5 2.Nc3 Nc6 3.Nf3 d6 4.d4 cxd4 5.Nxd4 Nf6 6.Bg5 e6 7.Qd2 a6 8.O-O-O Bd7
9.f3 b5 10.Nxc6 Bxc6 11.Ne2 Qb6 12.Be3 Qc7 13.Nd4 Bb7 14.Kb1 Be7 15.g4 O-O
16.g5 Nd7 17.h4 Rfe8 18.h5 Nf8 19.Qh2 Rac8 20.Bd3 b4 21.Rdg1 a5 22.g6 a4
23.gxf7+ Kxf7 24.Qg3 Bf6 25.Nb5 Qc6 26.Nxd6+ Ke7 27.Nxc8+ Rxc8 28.e5 {#r} 1-0

[Event "It \"]
[Site "masterchessopen.com Aguascalientes (Mexico)"]
[Date "2007.04.08"]
[Round "9"]
[White "Zavalza Ramirez Ivan J (MEX)"]
[Black "Gonzalez Zamora Juan Carlo (MEX)"]
[Result "0-1"]
[WhiteElo "2181"]
[BlackElo "2552"]

1.e4 c5 2.Nf3 Nc6 3.d4 cxd4 4.Nxd4 Nf6 5.Nc3 d6 6.Bg5 e6 7.Qd2 a6 8.O-O-O Bd7
9.Nxc6 Bxc6 10.f3 Be7 11.h4 b5 12.Kb1 Qc7 13.Bd3 h6 14.Bf4 Nd7 15.Be2 Ne5
16.Rc1 Rb8 17.Bxe5 dxe5 18.g4 h5 19.Rcg1 hxg4 20.Rxg4 g6 21.Bd3 Rd8 22.Ne2 Qd6
23.Ng3 Kd7 24.f4 Kc8 25.Rh3 exf4 26.Ne2 e5 27.Nc3 Qc5 28.Nd5 Bd7 {#R} 0-1

[Event "It (active) (open)"]
[Site "masterchessopen.com Canada de Calatrava (Spain)"]
[Date "2007.04.08"]
[Round "7"]
[White "Anand Viswanathan (IND)"]
[Black "Baklan Vladimir (UKR)"]
[Result "1-0"]
[WhiteElo "2801"]
[BlackElo "2639"]

{ Anand Viswanathan (IND) +3 =0 -0 Baklan Vladimir (UKR) +3 =11 -3 } 1.e4 c5
2.Nf3 d6 3.d4 cxd4 4.Nxd4 Nf6 5.Nc3 Nc6 6.Bg5 e6 7.Qd2 a6 8.O-O-O Bd7 9.f4 (
9.f3 h6 10.Be3 Qc7 11.g4 Ne5 12.h4 b5 13.Be2 g6 14.g5 hxg5 15.hxg5 Rxh1
16.Rxh1 Nh5 17.Kb1 Ng3 18.Rh7 Nc4 19.Bxc4 Qxc4 20.b3 Qf1+ 21.Kb2 a5 22.Rh8 a4
23.Ndxb5 Bxb5 24.Nxb5 axb3 25.Nxd6+ Kd7 26.Nf5+ { 1-0, Anand Viswanathan 2765
- Dreev Alexey 2640 , Linares 1997 It (cat.19) } ) 9...h6 ( 9...b5 10.Bxf6
gxf6 11.Kb1 Qb6 12.Nxc6 Bxc6 13.Qe1 O-O-O 14.Qh4 Be7 15.Bd3 h5 16.Rhe1 Rde8
17.f5 Qc5 18.Ne2 e5 19.Nc3 Bd8 20.Bf1 Bb6 { 1-0, Nijboer Friso 2545 - Baklan
Vladimir 2590 , Hamburg 9.10.2005 It (open) } ) 10.Bh4 g5 { ? } ( 10...Be7
11.Nf3 Rc8 12.Kb1 Nb8 13.Bd3 Bc6 14.e5 dxe5 15.Nxe5 O-O 16.f5 exf5 17.Qf2 g6
18.Bxf5 Nfd7 19.Bxe7 Qxe7 20.Nxd7 Bxd7 21.Nd5 Qd8 22.Be4 Rc6 23.Rhf1 f5 24.Bf3
Kh7 25.Rfe1 Rf7 26.Nf4 Qb6 27.Qg3 Rd6 28.Nd5 Qc5 29.b4 Rb6 30.Qe5 { ...1-0,
Khalifman Alexander 2655 - Aseev Konstantin N 2545 , St. Petersburg 1997 Ch
St. Petersburg } ) 11.fxg5 Ng4 12.Nxc6 Bxc6 13.Be2 Ne5 14.g3 { ± +0.93 CAP }
14...Qa5 { N } ( 14...Ng6 15.Rhf1 ( 15.Kb1 h5 16.Rhf1 Be7 17.Rde1 Qa5 18.Qd1
Bxg5 19.Bxg5 Qxg5 20.Qxd6 Rd8 21.Qb4 Qe7 22.Qb6 Ne5 23.h4 Kf8 24.Rf4 Kg7
25.Ref1 Rh6 26.Qf2 Be8 27.Nd1 Rd2 28.Qe3 Qd6 29.Nc3 Qd4 30.Qxd4 Rxd4 31.Kc1 b5
32.a3 Bc6 33.b3 Rd8 34.Rd1 { ...1/2-1/2, Gergel Vladimir P 2320 - Bindrich
Falko 2486 , Pardubice 24. 7.2006 It (open) } ) 15...Be7 16.gxh6 Nxh4 17.gxh4
Bf8 18.Qd4 Rxh6 19.h5 Qg5+ 20.Kb1 Qe5 21.Qb6 Rc8 22.Qf2 Rh7 23.Bg4 Qc5 24.Qg2
Bd7 25.Qf3 Rc7 26.e5 d5 27.Qd3 Rh6 28.Qd2 Rh8 29.Qf4 Rh7 30.Be2 Bh6 31.Qh4 Qe7
32.Rf6 Bg7 33.Qg3 Qf8 34.Bd3 { ...1-0, Almasi Zoltan 2620 - Gabriel Christian
2545 , Altensteig 1994 It (cat.12) } ) ( 14...Be7 15.gxh6 Bxh4 16.gxh4 Qxh4
17.Qxd6 Qf4+ 18.Kb1 Ng6 19.Qd4 Qe5 20.Qb6 Rc8 21.Qe3 Qf4 22.Qd4 Qe5 23.Qxe5
Nxe5 24.Rhg1 Nd7 25.Rdf1 Rxh6 26.Rg7 Ne5 27.Rg5 f6 28.Rg7 Rd8 29.Rf2 Rd7
30.Rg8+ Ke7 31.b3 Kd6 32.Bg4 Nxg4 33.Rxg4 Rdh7 34.Rgf4 { ...1/2-1/2,
Radovanovic Jovica 2339 - Zawadzki Stanislaw 2404 , Polanica Zdroj 23. 8.2005
It (open) } ) 15.Kb1 Ng6 16.Rdf1 { N } 16...Bg7 17.gxh6 Bxc3 18.bxc3 Nxh4
19.gxh4 O-O-O { ?! } ( 19...Bxe4 { !? } 20.Qd4 Qe5 21.Rhg1 Bxc2+ 22.Kxc2 Qxe2+
23.Kc1 O-O-O { } ) 20.Rxf7 Bxe4 21.Rhf1 { ?! } ( 21.Rd1 { !? } 21...Qa4 22.Rc1
e5 23.Rg7 Kb8 24.h3 Ka8 25.Ka1 Bc6 26.c4 { } ) 21...Bd5 22.a3 { ?! } ( 22.Kc1
{ !? } 22...Qa3+ 23.Kd1 Qxa2 24.Qe3 e5 25.Rg7 Rd7 { } ) 22...Qxa3 23.c4 Bc6 {
? } ( 23...Be4 24.Bg4 Rxh6 25.Re1 Qb3+ 26.Kc1 Qa3+ 27.Kd1 Qa1+ 28.Qc1 Qd4+
29.Qd2 Qa1+ 30.Qc1 Qd4+ { } ) 24.Bg4 Kb8 25.Bxe6 Rhe8 26.Re1 d5 27.cxd5 { ?? }
( 27.Bxd5 Rxe1+ 28.Qxe1 Bxd5 29.cxd5 Rd6 30.Qg3 Qxg3 31.hxg3 Rxh6 32.c4 a5 { }
) 27...Bxd5 { ?? } ( 27...Rxe6 28.Qf4+ Ka8 29.dxe6 Bd5 30.c4 Qb3+ { } )
28.Bxd5 Rxe1+ 29.Qxe1 Rxd5 30.Qg3+ { } {#r} 1-0

[Event "It (open)"]
[Site "masterchessopen.com Sydney (Australia)"]
[Date "2007.04.14"]
[Round "8"]
[White "Toth Andras (HUN)"]
[Black "Ayvazyan Armen (AUS)"]
[Result "1-0"]
[WhiteElo "2410"]
[BlackElo "2245"]

1.e4 c5 2.Nf3 Nc6 3.d4 cxd4 4.Nxd4 Nf6 5.Nc3 d6 6.Bg5 e6 7.Qd2 a6 8.O-O-O Bd7
9.f3 Qc7 10.Kb1 b5 11.Bxb5 axb5 12.Ndxb5 Qb8 13.Nxd6+ Bxd6 14.Qxd6 Qxd6
15.Rxd6 Ke7 16.Rhd1 Rhd8 17.b3 Be8 18.Rxd8 Rxd8 19.Rxd8 Kxd8 20.a4 h6 21.Be3
Bd7 22.Kb2 Be8 23.Bb6+ Ke7 24.Nd1 {#r} 1-0

[Event "It (open)"]
[Site "masterchessopen.com Orlova (Czech Republic)"]
[Round "4"]
[White "Bolacky Jiri (CZE)"]
[Black "Michenka Jozef (CZE)"]
[Result "0-1"]
[WhiteElo "2281"]
[BlackElo "2344"]

1.e4 c5 2.Nf3 d6 3.d4 cxd4 4.Nxd4 Nf6 5.Nc3 Nc6 6.Bg5 e6 7.Qd2 a6 8.O-O-O Bd7
9.f3 Rc8 10.h4 Be7 11.Kb1 Nxd4 12.Qxd4 Qc7 13.h5 h6 14.Be3 b5 15.g4 Bc6 16.Qd2
b4 17.Ne2 Nxe4 18.Qxb4 Rb8 19.Qa3 d5 20.Qxa6 Bb5 21.Qa7 Rb7 22.Bf4 Qc8 23.Qa5
Bd8 24.Qe1 Bxe2 25.Bxe2 Qc3 26.Bc1 Bf6 27.Ka1 Qa3 28.c3 Nxc3 29.Bc4 Nxd1
30.Bb3 Rxb3 31.Qxd1 Rxb2 {#R} 0-1

[Event "Memorial Em.Lasker (open)"]
[Site "masterchessopen.com Barlinek (Poland)"]
[Date "2007.06.06"]
[Round "5"]
[White "Dragun Kamil (POL)"]
[Black "Przezdziecka Ewa (POL)"]
[Result "1-0"]
[WhiteElo "2134"]
[BlackElo "2107"]

1.e4 c5 2.Nf3 Nc6 3.d4 cxd4 4.Nxd4 Nf6 5.Nc3 d6 6.Bg5 e6 7.Qd2 a6 8.O-O-O Bd7
9.f4 h6 10.Bxf6 Qxf6 11.Nxc6 Bxc6 12.g4 Qd8 13.Bg2 Qc7 14.h4 Be7 15.g5 b5
16.Ne2 O-O-O 17.Nd4 Ba8 18.Rh3 Kb8 19.a4 d5 20.e5 b4 21.g6 Qd7 22.gxf7 Qxa4
23.Kb1 Qd7 24.Rb3 Bc5 25.Bh3 Bxd4 26.Qxb4+ Bb7 27.Rxd4 Qxf7 28.Bxe6 Qc7
29.Bxd5 {#r} 1-0

[Event "It (b)"]
[Site "masterchessopen.com Balatonlelle (Hungary)"]
[Date "2007.06.21"]
[Round "6"]
[White "To Nhat Minh (HUN)"]
[Black "Brueggemann Joachim (GER)"]
[Result "1-0"]
[WhiteElo "2281"]
[BlackElo "2355"]

1.e4 c5 2.Nf3 Nc6 3.d4 cxd4 4.Nxd4 Nf6 5.Nc3 d6 6.Bg5 e6 7.Qd2 a6 8.O-O-O Bd7
9.f4 h6 10.Bh4 Be7 11.Nf3 b5 12.Bd3 Rc8 13.Kb1 b4 14.Ne2 a5 15.Rhg1 Nxe4
16.Bxe4 Bxh4 17.Nxh4 Qxh4 18.Qxd6 Qe7 19.Qd3 Rc7 20.g4 g5 21.Nd4 Nxd4 22.Qxd4
O-O 23.h4 gxf4 24.g5 h5 25.Qf6 Bc6 26.Bxc6 Qxf6 27.gxf6+ Kh8 28.Rg5 {#r} 1-0

[Event "It (open)"]
[Site "masterchessopen.com Oberwart (Austria)"]
[Date "2007.07.11"]
[Round "5"]
[White "Brkic Ante (CRO)"]
[Black "Groetz Harald (AUT)"]
[Result "1-0"]
[WhiteElo "2577"]
[BlackElo "2321"]

1.e4 c5 2.Nf3 d6 3.d4 cxd4 4.Nxd4 Nf6 5.Nc3 Nc6 6.Bg5 e6 7.Qd2 a6 8.O-O-O Bd7
9.f4 h6 10.Bh4 g5 11.fxg5 Ng4 12.Be2 Nge5 13.Nxc6 Bxc6 14.g3 Ng6 15.Kb1 Qa5
16.Rhf1 hxg5 17.Bxg5 Rxh2 18.Bf6 b5 19.Qg5 Qc7 20.Bh5 Bxe4 21.Nxe4 Qxc2+
22.Ka1 Rxh5 23.Nxd6+ Bxd6 24.Qxh5 Rc8 25.Qh1 Kd7 26.Rxd6+ {#r} 1-0

[Event "Ch Netherlands (open)"]
[Site "masterchessopen.com Dieren (Netherlands)"]
[Date "2007.08.02"]
[Round "9"]
[White "Pruijssers Roeland (NED)"]
[Black "Van Kampen Robin (NED)"]
[Result "0-1"]
[WhiteElo "2408"]
[BlackElo "2033"]

1.e4 c5 2.Nf3 d6 3.d4 cxd4 4.Nxd4 Nf6 5.Nc3 Nc6 6.Bg5 e6 7.Qd2 a6 8.O-O-O Bd7
9.f4 h6 10.Bh4 g5 11.fxg5 Ng4 12.Be2 Nge5 13.Nf3 Be7 14.Rhg1 b5 15.Rdf1 b4
16.Nd1 hxg5 17.Bxg5 Bxg5 18.Nxg5 Qa5 19.Qf4 Nd4 20.Bc4 Nxc4 21.Qxf7+ Kd8
22.Qg7 Qxa2 23.Qxh8+ Kc7 24.Nxe6+ {#R} 0-1

[Event "It (open)"]
[Site "masterchessopen.com Velika Gorica (Croatia)"]
[Date "2007.08.25"]
[Round "9"]
[White "Kinez Ivo (CRO)"]
[Black "Feletar Darko (CRO)"]
[Result "0-1"]
[WhiteElo "2100"]
[BlackElo "2367"]

1.e4 c5 2.Nf3 Nc6 3.d4 cxd4 4.Nxd4 Nf6 5.Nc3 d6 6.Bg5 e6 7.Qd2 a6 8.O-O-O Bd7
9.f4 b5 10.a3 Rb8 11.Nxc6 Bxc6 12.Qd4 Be7 13.Be2 a5 14.b4 axb4 15.axb4 O-O
16.Rhg1 Qc7 17.Kb2 Rfc8 18.Bf3 Bxe4 19.Rd2 d5 20.Ra1 Bxf3 21.gxf3 Qc4 22.Na2
Kf8 23.Qe5 Ra8 24.c3 Ra6 25.f5 Rca8 26.Kb1 Qb3+ 27.Kc1 exf5 28.Re2 Re6 {#R}
0-1

[Event "It (open)"]
[Site "masterchessopen.com Barcelona (Spain)"]
[Round "8"]
[White "Shengelia Davit (AUT)"]
[Black "Nijboer Friso (NED)"]
[Result "0-1"]
[WhiteElo "2569"]
[BlackElo "2559"]

{ Nijboer Friso (NED) +7 =7 -4 } 1.e4 c5 2.Nf3 Nc6 3.d4 cxd4 4.Nxd4 Nf6 5.Nc3
d6 6.Bg5 e6 7.Qd2 a6 8.O-O-O Bd7 9.f3 Be7 10.h4 { ?/= } 10...h6 ( 10...Rc8
11.g4 Nxd4 12.Qxd4 Qa5 13.Kb1 Bc6 14.Bd2 Qc5 15.Be3 Qxd4 16.Bxd4 h6 17.Bg2 Nd7
18.Bf2 Ne5 19.Bg3 g6 20.Rhf1 g5 21.Rh1 gxh4 22.Bxh4 Bxh4 23.Rxh4 Ke7 24.Rh5
Rcg8 25.Re1 Be8 26.Rh2 f6 27.Reh1 Nf7 28.Bf1 Bc6 29.Kc1 b5 30.a3 { ...0-1,
Nezar Mustapha 2408 - Malakhov Vladimir 2691 , France 31. 3.2006 Ch France
(team) 2006 } ) ( 10...b5 11.Kb1 Ne5 12.Bd3 O-O 13.g4 Rb8 14.Be3 Qc7 15.h5
Rfc8 16.g5 Ne8 17.Rdg1 b4 18.Nce2 Nxd3 19.Qxd3 g6 20.hxg6 hxg6 21.Nf4 Bf8
22.Qd2 Bg7 23.Rh4 Qc4 24.Rgh1 Rc5 25.Rh7 Kf8 26.Nb3 Rcb5 27.Nd4 Ra5 28.Nb3
Rab5 29.Nd4 Ra5 30.Nb3 { ...1/2-1/2, Rodriguez Amador 2545 - Short Nigel D
2660 , Lucerne 1997 Ch World (team) } ) ( 10...Nxd4 11.Qxd4 Qc7 12.g4 Rc8
13.Be3 O-O 14.h5 Ne8 15.g5 f5 16.exf5 Rxf5 17.Bd3 Rxg5 18.h6 g6 19.Bxg5 Bxg5+
20.Kb1 Bf6 21.Qg1 { 1/2-1/2, Sax Gyula 2550 - Kozul Zdenko 2580 , Pula 1995
Cup Croatia } ) 11.Be3 h5 ( 11...Qc7 12.g4 Ne5 13.Rg1 O-O-O 14.g5 hxg5 15.hxg5
Ne8 16.Nf5 Bf8 17.Be2 Rh2 18.Qe1 Rh8 19.f4 Nc4 20.Bd4 b5 21.Ne3 Nxe3 22.Bxe3
Qb7 23.Qf1 Nc7 24.a3 Bc6 25.Bd3 a5 26.e5 Kb8 27.Rg3 Rh1 28.Qf2 Rxd1+ 29.Nxd1
dxe5 30.fxe5 Nd5 31.Bc5 { ...0-1, Ali Sebbar 2276 - Sebih Kamel 2310 , Taza
24. 6.2005 Zt } ) 12.Bg5 Ne5 { +0.18 CAP } 13.Qe1 { N } ( 13.Kb1 b5 14.Qe1 (
14.Bd3 Qb6 15.Be3 Qb7 16.Rhe1 b4 17.Nce2 a5 18.Bg5 a4 19.f4 Neg4 20.Ng3 Qb6
21.Bc4 Qc5 22.b3 g6 23.Qe2 axb3 24.cxb3 e5 25.Nf3 O-O 26.f5 Kg7 27.Qd2 Ra7
28.Bxf6+ Bxf6 29.Re2 Bb5 30.Qxd6 Qxd6 31.Rxd6 Bxc4 32.bxc4 Rc8 { ...1/2-1/2,
Huerga Leache Mikel 2370 - Fernandez Romero Ernesto 2450 , Andorra 4. 7.2007
It (open) } ) 14...b4 15.Nce2 a5 16.Ng3 Qb6 17.Be2 Rc8 18.Nf1 Nc4 19.Ne3 Nxe3
20.Bxe3 Qb8 21.Ba6 Rc7 22.Qg3 O-O 23.Bh6 g6 24.Bd3 Kh7 25.Bxf8 Bxf8 26.f4 Qb6
27.Nf3 Ng4 28.f5 Qf2 29.fxg6+ Kxg6 30.e5+ Kg7 31.Qf4 Qe3 32.Qxe3 Nxe3 {
...1-0, Stefansson Hannes 2575 - Damljanovic Branko 2569 , Leon 2001 Ch Europe
(team) } ) ( 13.Be2 b5 14.f4 ( 14.Bxf6 Bxf6 15.f4 b4 16.Nd5 exd5 17.fxe5 dxe5
18.Nf5 Bxf5 19.exf5 d4 20.Qxb4 Rb8 21.Qa4+ Kf8 22.Rh3 e4 23.Rb3 Rc8 24.Bxa6
Ra8 25.Qc4 Bxh4 26.Rb7 Qg5+ 27.Kb1 Qxf5 28.Rxd4 Rh6 29.Rxe4 Rd8 30.a3 Rxa6
31.Rf4 Rd1+ 32.Ka2 Qd5 { ...1-0, Trabert Bettina 2275 - Petraki Maria 2089 ,
Athens 10. 3.2005 It (open) (w) } ) 14...b4 15.Nd5 exd5 16.Bxf6 Bxf6 17.fxe5
Bxe5 18.Nf3 d4 19.Nxd4 a5 20.Nf3 Bg3 21.e5 O-O 22.exd6 Rc8 23.Kb1 Rc6 24.Qg5
Qxg5 25.hxg5 Rd8 26.Rxh5 g6 27.Rhh1 Bg4 28.d7 Rxd7 29.Rxd7 Bxd7 30.Bb5 Rd6
31.Bxd7 Rxd7 32.c3 bxc3 { ...1-0, Ganguly Surya Shekhar 2559 - Sasikiran
Krishnan 2668 , Pune 10. 9.2004 It (cat.16) } ) ( 13.f4 Neg4 14.Qe1 Qc7 15.Rh3
b5 16.a3 O-O 17.Be2 Rfe8 18.Bxg4 Nxg4 19.Bxe7 Rxe7 20.Rhd3 d5 21.e5 Rc8 22.Qd2
Qb8 23.Re1 a5 24.Nd1 b4 25.Nf2 Qb6 26.Nxg4 hxg4 27.axb4 axb4 28.Kd1 Ree8
29.Ree3 Rc4 30.b3 Ra8 31.Nxe6 Re4 32.Rxe4 dxe4 { ...0-1, Kasimdzhanov Rustam
2650 - Sasikiran Krishnan 2668 , Vlissingen 14. 8.2004 It (open) } ) ( 13.Bd3
b5 14.Kb1 Qb6 15.Be3 Qb7 16.Bg5 b4 17.Nce2 a5 18.Ng3 a4 19.Rhe1 Nxd3 20.cxd3
Qb6 21.Be3 Qb7 22.Bg5 g6 23.f4 Qb6 24.Nf3 a3 25.b3 Rc8 26.d4 O-O 27.Rc1 Rxc1+
28.Rxc1 Rc8 29.Rxc8+ Bxc8 30.Qc2 { 1/2-1/2, Ibarra Jerez Jose Carlos 2451 -
Korneev Oleg 2657 , Granada 8.12.2006 It (open) } ) 13...Qc7 14.f4 Nc6 15.Nb3
b5 16.Rh3 { ?! } ( 16.a3 { !? } 16...Rb8 17.Qd2 b4 18.axb4 Nxb4 19.Qd4 { } )
16...b4 17.Nb1 e5 18.f5 a5 19.N3d2 Nd4 20.Nc4 O-O 21.Nbd2 a4 22.c3 bxc3
23.Rxc3 Nb5 24.Rg3 Rfc8 25.Kb1 a3 26.b3 d5 27.exd5 Bxf5+ 28.Kc1 e4 29.Qf2 Qe5
30.Kb1 e3+ { } {#R} 0-1

[Event "It (open) \"]
[Site "masterchessopen.com Nuernberg (Germany)"]
[Date "2007.09.07"]
[Round "3"]
[White "Quaschner Tobias (GER)"]
[Black "Hirneise Tobias (GER)"]
[Result "0-1"]
[WhiteElo "1956"]
[BlackElo "2287"]

1.e4 c5 2.Nf3 d6 3.d4 cxd4 4.Nxd4 Nf6 5.Nc3 Nc6 6.Bg5 e6 7.Qd2 a6 8.O-O-O Bd7
9.f4 h6 10.Bxf6 Qxf6 11.g3 Qd8 12.Bg2 Qc7 13.f5 O-O-O 14.Rhf1 Be7 15.Kb1 Bf6
16.Nb3 Be5 17.Qe3 Kb8 18.a3 Na5 19.Nxa5 Qxa5 20.Na2 Rc8 21.Nb4 Qc7 22.Rd2 Ba4
23.Rff2 Rhe8 24.Bh3 Bf6 25.Qf3 Qb6 26.fxe6 fxe6 27.b3 Bb5 28.Nd3 Qd4 {#R} 0-1